Indian banking: managing transformation: proceedings of the bank economists conference 2002 (Record no. 214595)

MARC details
000 -LEADER
fixed length control field 00581nam a2200157Ia 4500
008 - FIXED-LENGTH DATA ELEMENTS--GENERAL INFORMATION
fixed length control field 210719s2002 xx 000 0 und d
041 ## - LANGUAGE CODE
Language code of text/sound track or separate title eng
082 ## - DEWEY DECIMAL CLASSIFICATION NUMBER
Classification number 332 CORI
100 ## - MAIN ENTRY--PERSONAL NAME
Personal name CORPORATION BANK
245 ## - TITLE STATEMENT
Title Indian banking: managing transformation: proceedings of the bank economists conference 2002
260 ## - PUBLICATION, DISTRIBUTION, ETC.
Place of publication, distribution, etc. Mangalore
Name of publisher, distributor, etc. Corporation Bank Economic Development Foundation.
Date of publication, distribution, etc. 2002
300 ## - PHYSICAL DESCRIPTION
Extent 316
Other physical details PB
650 ## - SUBJECT ADDED ENTRY--TOPICAL TERM
Topical term or geographic name entry element Banking
650 ## - SUBJECT ADDED ENTRY--TOPICAL TERM
Topical term or geographic name entry element Economics
906 ## - LOCAL DATA ELEMENT F, LDF (RLIN)
a 2002 ; bank ; banking: ; conference ; economists ; Indian ; managing ; of ; proceedings ; the ; transformation:
Holdings
Withdrawn status Lost status Damaged status Not for loan Collection code Home library Current library Date acquired Total Checkouts Full call number Barcode Date last seen Price effective from Koha item type
          St Aloysius Library St Aloysius Library 03/08/2008   332 CORI D03207 07/19/2021 07/19/2021 Donated Books